000 00330 a2200157 4500
001 177541
020 _a
040 _cMagnum
100 _aSaki,mii e Iwatsuki,nobuki
240 1 0 _aA estrela-do-mar
_lpor
245 1 0 _aA estrela-do-mar
362 0 _a1899
440 1 _aÁtica
697 _aMAGNITO: I/ECOLOGIA
942 _cBK
999 _c177541
_d177541